les modèles de voitures - Statistiques

Statistiques générales
  • Ce quiz a été pris 767 fois
  • Le résultat moyen est 8 sur 15
Statistiques - réponses
Par images Réponse % Correct
fiat 500
85%
volkswagen coccinelle
85%
audi R8
83%
citroen 2 CV
78%
citroen DS
77%
volkswagen combi
70%
aston martin DB 5
69%
citroen mehari
56%
subaru impreza
52%
delorean DMC 12
50%
mercedes 300SL
46%
porsche 356
46%
porsche 911 turbo
27%
lotus élan
18%
alfa romeo gulietta
2%
Aucun quiz correspondant
Distribution des résultats
% des personnes avec chaque résultat
Percentile par nombre de réponses
Votre historique - résultats
Vous n’avez pas pris ce quiz